Revision of the Construction (Design and Management) Regulations (CDM) 1994, Construction (Health, Safety and Welfare) (CHSW) Regulations 1996, Approved Code of Practice (ACoP) and guidance (Record no. 104145)

MARC details
000 -LEADER
fixed length control field 01349cam a2200217 4500
001 - CONTROL NUMBER
control field L129313
008 - FIXED-LENGTH DATA ELEMENTS--GENERAL INFORMATION
fixed length control field 050411n2005 000 0 eng u
035 ## - SYSTEM CONTROL NUMBER
System control number (Sirsi) u129313
041 ## - LANGUAGE CODE
Language code of text/sound track or separate title eng
050 ## - LIBRARY OF CONGRESS CALL NUMBER
Classification number 690.22
-- 18
110 ## - MAIN ENTRY--CORPORATE NAME
Corporate name or jurisdiction name as entry element Great Britain
Subordinate unit Health and Safety Commission
245 ## - TITLE STATEMENT
Title Revision of the Construction (Design and Management) Regulations (CDM) 1994, Construction (Health, Safety and Welfare) (CHSW) Regulations 1996, Approved Code of Practice (ACoP) and guidance
260 ## - PUBLICATION, DISTRIBUTION, ETC.
Place of publication, distribution, etc. London
Name of publisher, distributor, etc. HSE
Date of publication, distribution, etc. 2005
520 ## - SUMMARY, ETC.
Summary, etc. Consultation document published by the Health and Safety Commission sets out proposals for new Regulations to consolidate and replace the Construction (Design and Management) Regulations 1994 and the Construction (Health, Safety and Welfare) Regulations 1996. The proposals aim to simplify the Regulations, focus on planning and management, and encourage co-ordination and co-operation between designers and contractors. The consultation closes on 29 July 2005.
590 ## - LOCAL NOTE (RLIN)
Local note IKA150405
650 ## - SUBJECT ADDED ENTRY--TOPICAL TERM
Topical term or geographic name entry element CONSTRUCTION (DESIGN AND MANAGEMENT) REGULATIONS 1994
650 ## - SUBJECT ADDED ENTRY--TOPICAL TERM
Topical term or geographic name entry element CONSTRUCTION (HEALTH, SAFETY AND WELFARE) REGULATIONS 1996
690 ## - LOCAL SUBJECT ADDED ENTRY--TOPICAL TERM (OCLC, RLIN)
Topical term or geographic name as entry element Health and safety
9 (RLIN) 6244
856 ## - ELECTRONIC LOCATION AND ACCESS
Uniform Resource Identifier <a href="https://consultations.hse.gov.uk/consult.ti/conregs/listdocuments">https://consultations.hse.gov.uk/consult.ti/conregs/listdocuments</a>
Public note View the item free of charge at www.hse.gov.uk...
942 ## - ADDED ENTRY ELEMENTS (KOHA)
Suppress in OPAC 0
Holdings
Withdrawn status Lost status Source of classification or shelving scheme Damaged status Not for loan Home library Current library Shelving location Date acquired Total Checkouts Full call number Barcode Date last seen Copy number Price effective from Koha item type
    Dewey Decimal Classification     Virtual Virtual Online 15/04/2005   ONLINE PUBLICATION 129313-2001 06/08/2019 1 06/08/2019 Book